000
00315nam a22001457a 4500
020
_a
978-9327297942
041
_a
ENG
100
_a
Reddy
245
_a
Principles of Agronomy
260
_a
delhi
_b
Kalyani PUB
_c
1997
300
_a
515
650
_a
Agricultural
700
_a
Reddi .G.H
856
_u
Agricultural
999
_c
285
_d
285